000 01175nam a2200349 c 4500
001 22443
003 ES-MaCES
005 20141221122803.0
008 090917s2009 sp t o000 | spa d
017 _aM 17195-2009
_bDL
035 _aCES20090009290m
040 _aES-MaCES
_bspa
_cES-MaCES
110 1 _aEspaña
_bTribunal Constitucional
_93446
245 1 0 _aMemoria 2008
_cTribunal Constitucional
260 _a[Madrid]
_bTC
_c[2009]
300 _a239 p.
_c24 cm
_e1 CD-ROM
500 _aPubl. simultáneamente en CD-ROM
500 _aTít. del CD-ROM: Memoria 2008, 1999/2007
541 _cGratuito
610 1 4 _aEspaña
_bTribunal Constitucional
_93446
650 4 _ainforme de actividades
_928984
650 4 _amemoria anual
_928977
650 4 _a2008
_931908
650 4 _aCD ROM
_930331
653 1 0 _aAdministración-Instituciones públicas
740 0 2 _aMemoria 2008, 1999-2007 / Tribunal Constitucional
787 0 _tMemoria 2009 / Tribunal Constitucional
_w(ES-MaCES)23245
787 0 _tMemoria 2007 / Tribunal Constitucional
_w(ES-MaCES)21255
902 _aLIB Libro
942 _2CES
_cBK
_h6.3.
999 _c22443
_d22443